Sea of Thieves Islands - Statistics

General Stats
  • This quiz has been taken 27 times
    15 since last reset
  • The average score is 37 of 100
Answer Stats
Hint Answer % Correct
Outpost Plunder Outpost
92%
The Shores of Plenty Sailor's Bounty
85%
The Ancient Isles Thieves Haven
85%
Outpost Ancient Spire Outpost
77%
Outpost Golden Sands Outpost
77%
Outpost Sanctuary Outpost
77%
The Shores of Plenty Cannon Cove
69%
The Ancient Isles Crooks Hollow
69%
The Ancient Isles Discovery Ridge
69%
Fortress Fortress of the Damned
69%
Outpost Galleon's Grave Outpost
69%
The Shores of Plenty Smuggler's Bay
69%
The Ancient Isles Chicken Isle
62%
The Shores of Plenty Crescent Isle
62%
Outpost Dagger Tooth Outpost
62%
The Ancient Isles Devil's Ridge
62%
The Devil's Roar Devil's Thirst
62%
The Shores of Plenty Lone Cove
62%
The Shores of Plenty Mermaid's Hideaway
62%
The Ancient Isles Snake Island
62%
The Wilds Crooked Masts
54%
The Devil's Roar Fetcher's Rest
54%
Fortress Hidden Spring Keep
54%
Fortress Lost Gold Fort
54%
The Wilds Marauder's Arch
54%
Outpost Morrow's Peak Outpost
54%
Seapost North Star Seapost
54%
The Wilds Old Faithful Isle
54%
The Devil's Roar Ruby's Fall
54%
The Shores of Plenty Sea Dog's Rest
54%
The Ancient Isles Shark Bait Cove
54%
The Shores of Plenty Wanderer's Refuge
54%
The Devil's Roar Ashen Reaches
46%
The Ancient Isles Cutlass Cay
46%
The Ancient Isles Mutineer Rock
46%
The Ancient Isles Plunder Valley
46%
The Shores of Plenty Rapier Cay
46%
The Shores of Plenty Reaper's Hideout
46%
Siren Shrine Shrine of Ancient Tears
46%
Seapost Three Paces East Seapost
46%
The Ancient Isles Castaway Isle
38%
Fortress Keel Haul Fort
38%
The Wilds Kraken's Fall
38%
Fortress Kraken Watchtower
38%
The Wilds Liar's Backbone
38%
The Shores of Plenty Lonely Isle
38%
The Ancient Isles Lookout Point
38%
The Shores of Plenty Rum Runner Isle
38%
The Shores of Plenty Salty Sands
38%
The Wilds Shipwreck Bay
38%
Siren Shrine Shrine of Hungering
38%
The Wilds Sunken Grove
38%
Seapost The Finest Trading Post
38%
The Ancient Isles Barnacle Cay
31%
The Shores of Plenty Boulder Cay
31%
The Wilds Isle of Last Words
31%
The Ancient Isles Old Salts Atoll
31%
The Shores of Plenty Picaroon Palms
31%
Siren Shrine Shrine of Tribute
31%
The Ancient Isles Booty Isle
23%
Seapost Brian's Bazaar
23%
The Devil's Roar Brimstone Rock
23%
Fortress Crow's Nest Fortress
23%
The Devil's Roar Glowstone Cay
23%
The Shores of Plenty Lagoon of Whispers
23%
The Devil's Roar Magma's Tide
23%
Fortress Molten Sands Fortress
23%
Fortress Sailor's Knot Stronghold
23%
Fortress Shark Fin Camp
23%
The Wilds Shark Tooth Key
23%
Siren Shrine Shrine of the Coral Tomb
23%
Seapost Stephen's Spoils
23%
Shores of Gold Tribute Peak
23%
The Wilds Tri-Rock Isle
23%
The Shores of Plenty Twin Groves
23%
The Devil's Roar Flintlock Peninsula
15%
The Ancient Isles Fools Lagoon
15%
The Wilds Plunderer's Plight
15%
Seapost Roaring Traders
15%
The Shores of Plenty Sandy Shallows
15%
Siren Shrine Shrine of Ocean's Fortune
15%
Seapost The Spoils of Plenty Store
15%
Siren Treasury Treasury of Sunken Shores
15%
Siren Treasury Treasury of the Lost Ancients
15%
Siren Treasury Treasury of the Secret Wilds
15%
The Wilds Black Sand Atoll
8%
The Wilds Black Water Enclave
8%
The Devil's Roar Flame's End
8%
The Devil's Roar Forsaken Brink
8%
The Ancient Isles Paradise Springs
8%
The Devil's Roar Roaring Sands
8%
The Devil's Roar Scorched Pass
8%
The Wilds Scurvy Isley
8%
Siren Shrine Shrine of Flooded Embrace
8%
Fortress Skull Keep
8%
The Wilds Blind Man's Lagoon
0%
The Devil's Roar Cinder Islet
0%
The Devil's Roar Cursewater Shores
0%
The Wilds Shiver Retreat
0%
Seapost The Wild Treasures Store
0%
No matching quizzes found
Score Distribution
Percent of People with Each Score
Percentile by Number Answered
Your Score History
You have not taken this quiz since the last reset